Philippine Dialects - Sudden Death - Statistics

General Stats
  • This quiz has been taken 76 times
  • The average score is 5 of 23
Answers on the Grid
Answers color-coded by a green-red scale on the quiz's grid according to % correct below.
Cebuano
Ilocano
Bikol
Waray-Waray
Chavacano
Pangasinan
Kapampangan
Maguindanaon
Ilonggo
Karay-a
Aklanon
Ibanag
Ibaloi
Inonhan
Iranun
Kinabalian
Karao
Paranan
Porohanon
Romblomanon
Sangil
Tawbuid
Teduray
Acehnese
Suvanese
Suluan
Negrosanon
Samarinese
Leytenon
Luzonese
Mindanaon
Palawanon
Mindoronon
Tuguegarnon
Taiwanese
Tawinese
Spratlenon
Panaynon
Parandique
Quezon Agta
Dicamay Agta
Yari-Yari
Ogtanon
Isdanon
Bota-Bota
 
Answer Stats
Answer % Correct
Ilocano
53%
Cebuano
50%
Ilonggo
50%
Waray-Waray
42%
Kapampangan
39%
Bikol
36%
Chavacano
28%
Pangasinan
25%
Maguindanaon
22%
Romblomanon
22%
Karay-a
19%
Ibanag
17%
Aklanon
14%
Ibaloi
11%
Tawbuid
8%
Inonhan
6%
Iranun
6%
Kinabalian
6%
Sangil
6%
Karao
3%
Paranan
3%
Porohanon
3%
Teduray
3%
No matching quizzes found
Score Distribution
Percent of People with Each Score
Percentile by Number Answered
Your Score History
You have not taken this quiz